مكتبة جامعة عجلون الوطنية

فهرس بحث المكتبة

Normal view MARC view
  • القدرة الابداعية-ادارة الاعمال

Entry Topical Term

Number of records used in: 1

001 - CONTROL NUMBER

  • control field: 49493

003 - CONTROL NUMBER IDENTIFIER

  • control field: JO-AjAnu

005 - DATE AND TIME OF LATEST TRANSACTION

  • control field: 20230606082144.0

008 - FIXED-LENGTH DATA ELEMENTS

  • fixed length control field: 230606|| aca||aabn | a|a d

040 ## - CATALOGING SOURCE

  • Original cataloging agency: JO-AjAnu
  • Transcribing agency: JO-AjAnu

150 ## - HEADING--TOPICAL TERM

  • Topical term or geographic name entry element: القدرة الابداعية-ادارة الاعمال

670 ## - SOURCE DATA FOUND

  • Source citation: Work cat.: (JO-AjAnu)25309: روبنسون،كين؛ نرجمة موصللي، رامة, author 49492, صناعة العقل : دور الثقافة والتعليم في تشكيل عقلك المبدع